NCAA Men's Basketball: AP Poll Appearances - Statistics

General Stats
  • This quiz has been taken 88 times
  • The average score is 83 of 131
Answer Stats
Rank Total Weeks Program % Correct
5 737 California - Los Angeles (UCLA)
97%
14 438 Michigan
95%
11 493 Michigan St.
95%
2 942 North Carolina
95%
3 878 Duke
93%
1 955 Kentucky
93%
4 845 Kansas
91%
157 Oregon
91%
47 205 Southern California (USC)
91%
29 313 Texas
91%
33 296 Florida
90%
27 339 Tennessee
88%
303 Wisconsin
88%
26 340 Alabama
86%
91 74 George Washington
86%
66 Georgia
86%
28 336 Gonzaga
86%
10 495 Illinois
86%
20 387 Iowa
86%
378 Oklahoma
86%
128 Oregon St.
86%
56 162 Washington
86%
7 592 Arizona
84%
53 180 Iowa St.
84%
105 51 Mississippi
84%
12 447 Ohio St.
84%
37 273 Oklahoma St.
84%
25 347 Virginia
84%
76 113 Arizona St.
83%
54 166 Auburn
83%
52 184 Florida St.
83%
24 348 NC State
83%
296 Arkansas
81%
21 385 Connecticut
81%
45 215 Houston
81%
6 656 Louisville
81%
79 109 Miami (FL)
81%
58 159 Mississippi St.
81%
133 South Carolina
81%
72 125 Texas A&M
81%
41 239 Utah
81%
85 87 Virginia Tech
81%
103 57 Colorado
79%
8 576 Indiana
79%
40 257 Nevada - Las Vegas (UNLV)
79%
9 550 Syracuse
79%
112 37 Washington St.
79%
38 264 West Virginia
79%
438 Maryland
78%
73 118 Texas Tech
78%
51 199 Baylor
76%
43 231 Kansas St.
76%
17 417 Purdue
76%
49 200 Stanford
76%
13 443 Villanova
76%
46 211 Georgia Tech
74%
44 224 LSU
74%
42 236 Minnesota
74%
34 Nebraska
74%
81 103 San Diego St.
74%
71 127 Creighton
72%
397 Marquette
72%
31 303 Missouri
72%
62 152 New Mexico
72%
89 78 Penn
72%
35 291 St. John's
72%
99 63 Texas Christian (TCU)
72%
64 141 Brigham Young (BYU)
71%
30 312 Memphis
71%
100 62 Nevada
71%
123 25 Penn St.
71%
82 97 California
69%
16 434 Cincinnati
69%
63 148 Clemson
69%
98 64 New Mexico St.
67%
22 378 Notre Dame
67%
111 38 Rutgers
67%
110 40 Wyoming
66%
55 164 Providence
64%
18 397 Georgetown
62%
94 67 St. Mary's
62%
36 275 Wake Forest
62%
200 Xavier
62%
104 56 Loyola Chicago
60%
48 204 Vanderbilt
60%
78 110 Boston College
59%
39 259 Pittsburgh
57%
126 22 Indiana St.
55%
113 36 Tulane
55%
74 116 Dayton
53%
57 161 Wichita St.
53%
61 156 DePaul
52%
67 133 San Francisco
52%
84 88 Massachusetts
50%
66 134 Seton Hall
50%
60 Texas-El Paso (UTEP)
50%
65 135 Butler
48%
90 77 Southern Methodist (SMU)
48%
32 Fresno St.
47%
122 27 Rhode Island
47%
87 82 Tulsa
47%
117 33 Drake (IA)
45%
59 157 Temple
45%
34 Virginia Commonwealth (VCU)
45%
92 72 Davidson
41%
75 115 Saint Louis
40%
23 Navy
38%
95 66 St. Joseph's
38%
114 34 Alabama-Birmingham (UAB)
36%
118 32 Louisiana
36%
22 Toledo
36%
77 111 Western Kentucky
36%
80 107 La Salle
29%
20 Northern Iowa
29%
86 85 St. Bonaventure
28%
22 Charlotte
26%
120 31 Columbia (NY)
26%
88 79 Holy Cross
26%
107 48 Utah State
26%
31 Murray State (KY)
24%
83 91 Duquesne
22%
97 65 Seattle
22%
69 128 Bradley
21%
41 Detroit Mercy
16%
106 49 Jacksonville
16%
101 60 Long Beach St.
14%
124 23 Santa Clara
14%
129 20 Long Island (NY)
5%
20 Niagara (NY)
0%
93 69 Oklahoma City
0%
108 41 Princeton (NJ)
0%
No matching quizzes found
Score Distribution
Percent of People with Each Score
Percentile by Number Answered
Your Score History
You have not taken this quiz